Normal view
MARC view
- Gray, Richard,
Entry Personal Name
001 - CONTROL NUMBER
- control field: 41911
003 - CONTROL NUMBER IDENTIFIER
- control field: DLC
005 - DATE AND TIME OF LATEST TRANSACTION
- control field: 20181106130300.0
008 - FIXED-LENGTH DATA ELEMENTS
- fixed length control field: 800604n| azannaabn |a aaa
010 ## - LIBRARY OF CONGRESS CONTROL NUMBER
- LC control number: n 79122054
035 ## - SYSTEM CONTROL NUMBER
- System control number: (OCoLC)oca00353661
040 ## - CATALOGING SOURCE
- Original cataloging agency: DLC
- Language of cataloging: eng
- Description conventions: rda
- Transcribing agency: DLC
- Modifying agency: DLC
- Modifying agency: UPB
- Modifying agency: EG-ScBUE
100 1# - HEADING--PERSONAL NAME
- Personal name: Gray, Richard,
- Dates associated with a name: 1944-
400 1# - SEE FROM TRACING--PERSONAL NAME
- Control subfield: nne
- Personal name: Gray, Richard J.
670 ## - SOURCE DATA FOUND
- Source citation: His American verse of the nineteenth century, 1973.
670 ## - SOURCE DATA FOUND
- Source citation: His Writing the South, 1986:
- Information found: CIP t.p. (Richard Gray)
670 ## - SOURCE DATA FOUND
- Source citation: Phone call to pub., 12/4/85
- Information found: (Richard John Gray; b. 1/5/44)
670 ## - SOURCE DATA FOUND
- Source citation: A web of words, 2007:
- Information found: ECIP t.p. (Richard Gray) galley (University of Essex)
670 ## - SOURCE DATA FOUND
- Source citation: OCLC, 4 December 2013
- Information found: (usage: Richard Gray)
670 ## - SOURCE DATA FOUND
- Source citation: University of Essex, Department of literature, film, and theatre studies, via WWW, 4 December 2013
- Information found: (Professor Richard Gray; began teaching at Essex in 1969; teaches and writes on American literature; MA, PhD, Cambridge)